[Event "ICA Summer Classic (Reserve)"]
[Site "Boise, ID"]
[Date "2013.08.17"]
[Round "2.2"]
[White "Smit, Paul Albert"]
[Black "Porth, Desmond"]
[Result "0-1"]
[WhiteElo "1319"]
[BlackElo "1036"]
[EventRounds "5"]
[EventCountry "USA"]

1. d4 d5 2. Nf3 Bf5 3. e3 e6 4. Bd3 Bxd3 5. Qxd3 c5 6. Qb5+ Qd7 7. Qxd7+ Nxd7
8. O-O Ngf6 9. c3 Bd6 10. Nbd2 O-O 11. Re1 cxd4 12. exd4 Rac8 13. h3 Bf4 14.
Nf1 Bxc1 15. Raxc1 Ne4 16. N1d2 Nxd2 17. Nxd2 Rc6 18. f4 Rb6 19. b4 Rc8 20. a4
Rbc6 21. Re3 Nb6 22. b5 R6c7 23. a5 Nc4 24. Nxc4 Rxc4 25. Kf2 Ra4 26. b6 Rxa5
27. bxa7 Rxa7 28. Rce1 g6 29. g4 Ra3 30. f5 Raxc3 31. fxe6 Rxe3 32. Rxe3 Re8
33. exf7+ Kxf7 34. Rb3 Re7 35. Rb5 Rd7 36. g5 Ke6 37. Kg3 Kf5 38. h4 Ke4 39.
Rb4 Rf7 40. Kg2 Ke3 41. Kg3 Kd3 42. Kg4 Kc3 43. Ra4 b5 44. Ra5 Kc4 45. h5 Rb7
46. hxg6 hxg6 47. Ra6 Rg7 48. Rb6 Kxd4 49. Rxb5 Kc4 50. Rb6 d4 51. Kf3 Rf7+
52. Rf6 Rd7 53. Rxg6 d3 54. Rc6+ Kb5 55. Rc1 Re7 56. Rd1 Kc4 57. Kg4 Kc3 58.
g6 Kc2 59. Rf1 d2 60. Kf5 Re1 61. Rxe1 dxe1=Q 62. Kf6 Qc3+ 63. Kf7 Qf3+ 64.
Kg7 Kd3 65. Kh7 Qh3+ 66. Kg7 Ke4 67. Kf7 Qf3+ 68. Kg7 Kf5 69. Kf7 Kg5+ 70. Kg7
Qf6+ {#R} 0-1

[Event "ICA Summer Classic (Reserve)"]
[Site "Boise, ID"]
[Date "2013.08.17"]
[Round "3.3"]
[White "Hunter, Roger J"]
[Black "Smit, Paul Albert"]
[Result "1-0"]
[WhiteElo "843"]
[BlackElo "1319"]
[EventRounds "5"]
[EventCountry "USA"]

1. e4 d5 2. exd5 Qxd5 3. Nc3 Qa5 4. d4 c6 5. Bd2 Qb6 6. Nf3 Bg4 7. Be2 Bxf3 8.
Bxf3 Qxd4 9. Be3 Qxd1+ 10. Rxd1 Nd7 11. O-O O-O-O 12. Bxa7 e5 13. Na4 f5 14.
Nb6+ Kc7 15. Nxd7 Rxd7 16. Rxd7+ Kxd7 17. Bb6 Be7 18. Rd1+ Kc8 19. a4 e4 20.
Be2 Nf6 21. a5 Nd5 22. Bc4 Nxb6 23. axb6 g6 24. Be6+ Kb8 25. b3 Rd8 26. Rxd8+
Bxd8 27. Kf1 Bxb6 28. Ke2 h6 29. Bf7 g5 30. Bg6 f4 31. Bxe4 Kc7 32. f3 Bg1 33.
h3 c5 34. Kd3 b5 35. Bh7 b4 36. Ke4 Kd6 37. Kf5 Kd5 38. Kg6 Kd4 39. Kxh6 Ke3
40. Kxg5 Bh2 41. h4 Kf2 42. h5 Kxg2 43. Be4 Kg3 44. h6 Bg1 45. Kg6 Bd4 46. h7
Kf2 47. Kf7 Ke3 48. Kg8 Kd2 49. h8=Q Bxh8 50. Kxh8 Kc3 51. Kg7 c4 52. bxc4
Kxc4 53. Kf6 b3 54. cxb3+ Kxb3 55. Kf5 {#r} 1-0

[Event "ICA Summer Classic (Reserve)"]
[Site "Boise, ID"]
[Date "2013.08.18"]
[Round "5.4"]
[White "Lang, Jamie"]
[Black "Smit, Paul Albert"]
[Result "1-0"]
[WhiteElo "1380"]
[BlackElo "1319"]
[EventRounds "5"]
[EventCountry "USA"]

1. e4 d5 2. exd5 Qxd5 3. Nc3 Qa5 4. Nf3 Bg4 5. Be2 Bxf3 6. Bxf3 c6 7. O-O Nf6
8. d4 e6 9. a3 Nbd7 10. Be3 Bd6 11. Qd2 O-O 12. Bf4 Bxf4 13. Qxf4 Rfe8 14. b4
e5 15. Qxf6 Nxf6 16. bxa5 exd4 17. Ne2 c5 18. Bxb7 Rab8 19. Ba6 Rb2 20. Nf4
Rxc2 21. Rfc1 Rxc1+ 22. Rxc1 Ne4 23. Nd3 Nc3 24. Nxc5 Re5 25. Nb3 Rd5 26. Nxd4
Rxd4 27. Rxc3 Rd1+ 28. Bf1 g6 29. Rc7 Ra1 30. Rxa7 Rxa3 31. a6 h5 32. g3 Kg7
33. Rc7 Ra1 34. Kg2 Ra2 35. a7 Ra5 36. Be2 {#r} 1-0

[Event "Eastern Idaho Open"]
[Site "Idaho Falls, ID"]
[Date "2013.10.19"]
[Round "3.2"]
[White "Smit, Paul Albert"]
[Black "Owen, Gary"]
[Result "0-1"]
[WhiteElo "1241"]
[BlackElo "1608"]
[EventRounds "5"]
[EventCountry "USA"]

1. d4 Nf6 2. Bg5 Ne4 3. Nf3 g6 4. c3 Bg7 5. Nbd2 Nxg5 6. Nxg5 O-O 7. e4 e5 8.
Ngf3 d6 9. h3 f5 10. Bc4+ Kh8 11. Qc2 Nc6 12. d5 fxe4 13. Nxe4 Ne7 14. O-O-O
Bf5 15. Rde1 Bh6+ 16. Kb1 Nxd5 17. g4 Bxe4 18. Qxe4 Nb6 19. Bd3 c6 20. Rhg1
Bf4 21. g5 d5 22. Qe2 e4 23. Nd4 exd3 24. Qxd3 Qd7 25. Ne6 Rf5 26. h4 Re8 27.
Nc5 Rxe1+ 28. Rxe1 Qf7 29. Re6 Nc4 30. Qe2 Re5 31. Rxe5 Nxe5 32. Ka1 b6 33.
Nd3 Nxd3 34. Qxd3 Qe6 35. Qd1 Kg7 36. a3 c5 37. Qf3 Qe4 38. Qg4 Qf5 39. Qe2
Kf7 40. Qa6 Qd7 41. Qe2 b5 42. Qf3 Qd6 43. Qe2 a6 44. Qg4 Be5 45. Qf3+ Ke6 46.
Qg4+ Ke7 47. Qe2 Qe6 48. Qf3 a5 49. Qe3 d4 50. cxd4 cxd4 51. Qe4 Kd6 52. f4
Bg7 53. Qb7 Qd7 54. Qe4 Kc7 55. Qd3 Qd5 56. Qe2 Kb6 57. Qd3 b4 58. a4 b3 59.
Kb1 Qh1+ {#R} 0-1

[Event "Eastern Idaho Open"]
[Site "Idaho Falls, ID"]
[Date "2013.10.20"]
[Round "5.1"]
[White "Roland, Jeffrey T"]
[Black "Smit, Paul Albert"]
[Result "1-0"]
[WhiteElo "1701"]
[BlackElo "1241"]
[EventRounds "5"]
[EventCountry "USA"]

1. d4 d5 2. c4 c6 3. Nf3 Bg4 4. Ne5 Bf5 5. Nc3 h6 6. cxd5 f6 7. e4 fxe5 8.
exf5 exd4 9. Qh5+ Kd7 10. Ne4 Nf6 11. Nxf6+ exf6 12. Qf7+ Qe7+ 13. Qe6+ Qxe6+
14. dxe6+ Ke8 15. Bd2 Bd6 16. g3 Ke7 17. h4 a6 18. Bg2 b6 19. O-O-O Ra7 20. h5
Rc7 21. Rh4 c5 22. Rg4 Rg8 23. Bxh6 Kf8 24. Bd2 Nc6 25. h6 Rh8 26. Bxc6 gxh6
27. Bd5 Rg7 28. Rxg7 Kxg7 29. Rh1 b5 30. Bb7 b4 31. Bxa6 h5 32. Bc4 Kf8 33.
Be2 Ke7 34. Rxh5 Rxh5 35. Bxh5 Be5 36. b3 Bd6 37. Kc2 Kd8 38. Kd3 Kc7 39. Bf4
Bxf4 40. gxf4 Kb6 {#r} 1-0

[Event "SIO (Reserve)"]
[Site "Twin Falls, ID"]
[Date "2013.11.02"]
[Round "1.3"]
[White "Brimstein, Wesley"]
[Black "Smit, Paul Albert"]
[Result "0-1"]
[WhiteElo "646"]
[BlackElo "1241"]
[EventRounds "4"]
[EventCountry "USA"]

1. e4 d5 2. exd5 Qxd5 3. Nc3 Qa5 4. d4 c6 5. Bd2 Qc7 6. g3 h6 7. Bg2 e6 8. Nf3
Nf6 9. O-O Bd6 10. Qe1 O-O 11. Ne4 Nxe4 12. Qxe4 Nd7 13. Qe2 Nf6 14. Ne5 c5
15. Nf3 Re8 16. dxc5 Bxc5 17. Be3 Bxe3 18. fxe3 Rb8 19. e4 e5 20. b3 Bg4 21.
h3 Bxf3 22. Bxf3 Qc5+ 23. Qf2 Qxf2+ 24. Rxf2 Red8 25. Rd1 Rxd1+ 26. Bxd1 Nxe4
27. Re2 Nc3 28. Re3 Nxd1 29. Rxe5 Nc3 30. a4 f6 31. Rc5 Ne4 32. Ra5 a6 33. Kg2
Rd8 34. h4 Rd2+ 35. Kh3 Rxc2 36. Rd5 Rc3 37. Rd4 Nxg3 38. Rg4 Nf5+ 39. Kh2
Rxb3 40. Rf4 Nd6 41. Rd4 Nf7 42. Rd7 Ne5 43. Rd8+ Kh7 44. Rd1 Rb4 45. a5 Rxh4+
46. Kg3 Rb4 47. Rd2 Rb5 48. Ra2 Nc4 49. Kf3 Rxa5 50. Rxa5 Nxa5 51. Ke4 b5 52.
Kd3 h5 53. Kc3 h4 54. Kb4 Nc6+ 55. Kc5 Ne5 56. Kb6 b4 57. Ka5 b3 58. Kxa6 b2
59. Kb6 b1=Q+ 60. Kc5 h3 {#R} 0-1

[Event "SIO (Reserve)"]
[Site "Twin Falls, ID"]
[Date "2013.11.02"]
[Round "2.2"]
[White "Smit, Paul Albert"]
[Black "Porth, Adam"]
[Result "1-0"]
[WhiteElo "1241"]
[BlackElo "1305"]
[EventRounds "4"]
[EventCountry "USA"]

1. d4 d5 2. Nf3 e6 3. Bf4 Nf6 4. h3 c5 5. c3 Nc6 6. e3 cxd4 7. exd4 a6 8. Bd3
b5 9. O-O Bb7 10. a3 Bd6 11. Bg5 h6 12. Bxf6 Qxf6 13. Re1 O-O 14. Nbd2 e5 15.
dxe5 Nxe5 16. Nxe5 Bxe5 17. Nf3 Bd6 18. Nd4 Qf4 19. g3 Qf6 20. Qf3 Qxf3 21.
Nxf3 d4 22. Nxd4 Rad8 23. Be4 Bc8 24. Bg2 Bc5 25. Rad1 Rd6 26. Nf3 Rf6 27. Nd4
Be6 28. Rd2 Rc8 29. h4 Bc4 30. Bb7 Bxd4 31. Bxc8 Bb6 32. Bh3 Rg6 33. Re8+ Kh7
34. Bf5 a5 35. Bxg6+ Kxg6 36. Rd6+ f6 37. Rxb6 a4 38. Re7 Kf5 39. Rxg7 Bb3 40.
Rxb5+ Ke4 41. Rb4+ Kf5 42. Ra7 Bc2 43. Raxa4 h5 44. Ra5+ Kg6 45. Rc5 Bf5 46.
Rxf5 Kxf5 47. Rd4 Ke5 48. a4 f5 49. f4+ Ke6 {#r} 1-0

[Event "SIO (Reserve)"]
[Site "Twin Falls, ID"]
[Date "2013.11.02"]
[Round "3.1"]
[White "Smit, Paul Albert"]
[Black "Porth, Desmond"]
[Result "1-0"]
[WhiteElo "1241"]
[BlackElo "1308"]
[EventRounds "4"]
[EventCountry "USA"]

1. d4 d5 2. Nf3 Bf5 3. Bf4 Nc6 4. e3 Nb4 5. Na3 e6 6. c3 Na6 7. Nc2 Nf6 8. Bg5
Be7 9. Bxf6 Bxf6 10. Bd3 Bxd3 11. Qxd3 O-O 12. O-O c5 13. Rfe1 Qb6 14. Rab1
Rfd8 15. e4 dxe4 16. Qxe4 Rab8 17. Red1 Nc7 18. b3 a6 19. dxc5 Qxc5 20. c4 b5
21. Ne3 Rd6 22. Rxd6 Qxd6 23. Rd1 Qa3 24. Qc6 Ne8 25. cxb5 axb5 26. Qc2 Ra8
27. Rd2 Be7 28. Qc6 Qa5 29. h3 Bb4 30. Rc2 h6 31. Qd7 Rd8 32. Qc6 Nf6 33. Ne5
Bd6 34. Nf3 Nh7 35. g3 Ng5 36. Nxg5 hxg5 37. Qb7 Qe1+ 38. Kg2 b4 39. Rc8 Rxc8
40. Qxc8+ Kh7 41. Qc6 Be5 42. Qe4+ Kg8 43. Qxe5 Qb1 44. Qb8+ Kh7 45. Qxb4 Qxa2
46. Qc4 Qa8+ 47. Kh2 Qa2 48. Qc2+ Qxc2 49. Nxc2 Kg6 50. b4 Kf6 51. b5 Ke7 52.
Kg2 Kd7 53. Na3 Kc7 54. Kf3 Kb6 {#r} 1-0

[Event "SIO (Reserve)"]
[Site "Twin Falls, ID"]
[Date "2013.11.02"]
[Round "4.1"]
[White "Knoll, Lucas"]
[Black "Smit, Paul Albert"]
[Result "1-0"]
[WhiteElo "1158"]
[BlackElo "1241"]
[EventRounds "4"]
[EventCountry "USA"]

1. e4 e5 2. Nf3 d5 3. exd5 Qxd5 4. Nc3 Qa5 5. Bc4 Bg4 6. h3 Bxf3 7. Qxf3 Nf6
8. Qxb7 Bd6 9. Qxa8 O-O 10. d3 c6 11. Be3 Bc5 12. Bxc5 Qxc5 13. Qb7 Nbd7 14.
Qa6 Rb8 15. Qa3 Qd4 16. Ne2 Qxb2 17. Qxb2 Rxb2 18. Bb3 Nc5 19. O-O a5 20. Rab1
Rxb1 21. Rxb1 g6 22. d4 exd4 23. Nxd4 Nxb3 24. Rxb3 c5 25. Nc6 a4 26. Ra3 Ne4
27. Rxa4 Nd2 28. f3 c4 29. Ne5 c3 30. Ra3 Nb1 31. Rb3 Nd2 32. Rxc3 Nb1 33. Rb3
Nd2 34. Rb2 f6 35. Nd7 Kf7 36. a4 Nc4 37. Rb4 Ne3 38. Rb2 Ke6 39. a5 Nxc2 40.
a6 Nd4 41. a7 {#r} 1-0

[Event "Idaho Open"]
[Site "Boise, ID"]
[Date "2015.06.20"]
[Round "1.3"]
[White "Smith, Christine M Bernot"]
[Black "Kircher, Caleb Paul"]
[Result "1-0"]
[WhiteElo "1603"]
[BlackElo "1849"]
[EventRounds "5"]
[EventCountry "USA"]

1. e4 d5 2. exd5 Nf6 3. d4 Nxd5 4. c4 Nb6 5. Nc3 e5 6. d5 c6 7. Nf3 Bb4 8. Qb3
Bxc3+ 9. Qxc3 O-O 10. dxc6 Nxc6 11. Bg5 f6 12. Be3 Be6 13. Be2 Qc7 14. b3 a5
15. O-O e4 16. Nd4 Qe5 17. Rfc1 Nxd4 18. Bxd4 Qc7 19. Qe3 Nd7 20. Qxe4 Rae8
21. Qc2 b6 22. Bd3 f5 23. Qc3 Nc5 24. Rd1 Rd8 25. Bxc5 Qxc5 26. Be2 Qa3 27.
Qe3 Rde8 28. Qxb6 Rf6 29. Rd8 Bf7 30. Rxe8+ Bxe8 31. Qd8 Re6 32. Bf3 Kf8 33.
Qd5 Rf6 34. Qe5 a4 35. Re1 Bg6 36. Qb8+ {#r} 1-0

[Event "Idaho Open"]
[Site "Boise, ID"]
[Date "2015.06.20"]
[Round "2.3"]
[White "Buus, Jarod N"]
[Black "Smith, Christine M Bernot"]
[Result "1/2-1/2"]
[WhiteElo "1730"]
[BlackElo "1603"]
[EventRounds "5"]
[EventCountry "USA"]

1. e4 e5 2. Nf3 Nc6 3. Bb5 d6 4. h3 Bd7 5. c3 Nf6 6. O-O Nxe4 7. d4 a6 8. Bxc6
Bxc6 9. dxe5 Be7 10. Nbd2 O-O 11. Re1 Nc5 12. Qc2 Re8 13. Nd4 Bd5 14. c4 Be6
15. b4 dxe5 16. Nxe6 Nxe6 17. Rxe5 Bxb4 18. Rd5 Qf6 19. Bb2 Qf4 20. g3 Qh6 21.
Kg2 Rad8 22. Nf3 c6 23. Rxd8 Rxd8 24. Rd1 Rxd1 25. Qxd1 Qg6 26. Kh2 Bc5 27.
Qe2 Qf5 28. Nd4 Nxd4 29. Bxd4 h6 30. Bxc5 Qxc5 31. Qe8+ Kh7 32. Qxf7 b5 33.
cxb5 axb5 34. Qf4 Qd5 35. a3 c5 36. Qc1 c4 37. Qb1+ Kg8 38. Qg6 Qf7 39. Qb6
Qd7 40. Qc5 Qd3 41. Qxb5 Kh7 {The rest of the game made possible due to video
footage taken by the TD.} 42. Qe8 Qf1 43. Qe4+ Kg8 44. Qc2 Qd3 45. Qa4 c3 46.
Qe8+ Kh7 47. Qe1 c2 48. Qc1 Qd1 49. Qe3 c1=Q 50. Qe4+ Kg8 51. Qe8+ Kh7 52.
Qe4+ g6 53. Qe7+ Kg8 54. Qe8+ {#d} 1/2-1/2

[Event "Idaho Open"]
[Site "Boise, ID"]
[Date "2015.06.20"]
[Round "3.3"]
[White "Smith, Christine M Bernot"]
[Black "Inman, James"]
[Result "0-1"]
[WhiteElo "1603"]
[BlackElo "1812"]
[EventRounds "5"]
[EventCountry "USA"]

1. e4 c6 2. d4 d5 3. exd5 cxd5 4. Nc3 Nf6 5. Bf4 a6 6. Nf3 Nc6 7. Be2 Bg4 8.
O-O e6 9. Ne5 Bxe2 10. Nxe2 Rc8 11. c3 Be7 12. Ng3 O-O 13. Re1 Re8 14. Nh5 g6
15. Ng3 b5 16. Qf3 b4 17. h4 bxc3 18. bxc3 Nxe5 19. dxe5 Ne4 20. Nxe4 dxe4 21.
Rxe4 Bxh4 22. Rd4 Qc7 23. Rc1 Be7 24. Qd3 Qa5 25. a4 Red8 26. Rxd8+ Rxd8 27.
Qc4 Rd5 28. Qc6 Kg7 29. c4 Rc5 30. Qd7 Qc7 31. Qxc7 Rxc7 32. Be3 g5 33. Bb6
Rc6 34. c5 h5 35. g3 Kg6 36. Rc4 Kf5 37. f4 gxf4 38. gxf4 Kg4 39. Kf2 h4 40.
Kg2 Bf8 41. Kh2 Bh6 42. Bd8 Bxf4+ 43. Kg1 h3 44. Kh1 Kf5 45. Bf6 Bxe5 46. Bxe5
Kxe5 47. Kh2 Kd5 48. Rc1 Rxc5 49. Rd1+ Kc6 50. Kxh3 Rg5 51. Rd4 Kc5 52. Rf4 f5
53. Kh4 Rg4+ 54. Rxg4 fxg4 55. Kxg4 Kd4 56. Kf3 Ke5 57. Ke3 a5 58. Kd3 Kf4 59.
Kc4 e5 60. Kb5 e4 61. Kxa5 e3 62. Ka6 e2 63. a5 e1=Q 64. Kb6 Qb4+ 65. Ka6 Ke5
66. Ka7 Qxa5+ 67. Kb7 Kd6 68. Kb8 Kc6 69. Kc8 Qa8# 0-1

[Event "Idaho Open"]
[Site "Boise, ID"]
[Date "2015.06.21"]
[Round "4.4"]
[White "Hamilton, Brett B"]
[Black "Smith, Christine M Bernot"]
[Result "0-1"]
[WhiteElo "1716"]
[BlackElo "1603"]
[EventRounds "5"]
[EventCountry "USA"]

1. d4 d5 2. c4 c6 3. Nc3 Nf6 4. e3 Nbd7 5. Nf3 e6 6. a3 Bd6 7. Qc2 e5 8. cxd5
exd4 9. dxc6 dxc3 10. cxd7+ Bxd7 11. bxc3 Bc6 12. Be2 O-O 13. O-O Qa5 14. Nd4
Be4 15. Qd1 Qxc3 16. Bd2 Qc7 17. h3 Qe7 18. Nb5 Rfd8 19. Qe1 a6 20. Nxd6 Qxd6
21. Bb4 Qe6 22. Rc1 Bc6 23. Bc4 Qf5 24. Qe2 Qg5 25. f4 Qf5 26. Rfd1 Re8 27.
Bd3 Qe6 28. Re1 Rad8 29. Rc5 Nd5 30. Bd2 Qd6 31. Rc4 Qxa3 32. Bc2 Bb5 33. Qd3
Qxd3 34. Bxd3 Bxc4 35. Bxc4 b5 36. Bb3 b4 37. e4 Nc3 38. e5 Rxd2 {#R} 0-1

[Event "Idaho Open"]
[Site "Boise, ID"]
[Date "2015.06.21"]
[Round "5.3"]
[White "Smith, Christine M Bernot"]
[Black "Gorman, Cody A M"]
[Result "0-1"]
[WhiteElo "1603"]
[BlackElo "1885"]
[EventRounds "5"]
[EventCountry "USA"]

1. e4 e6 2. d4 b6 3. a3 Bb7 4. Nc3 Nf6 5. d5 exd5 6. exd5 Qe7+ 7. Be3 g6 8.
Qd2 Ng4 9. O-O-O Nxe3 10. fxe3 Bg7 11. Kb1 O-O 12. Nf3 Re8 13. e4 Na6 14. Bxa6
Bxa6 15. Rhe1 d6 16. Nd4 Bxd4 17. Qxd4 Qe5 18. Qf2 Qxh2 19. Rh1 Qe5 20. Rh6
Kg7 21. Rdh1 Rh8 22. Qh4 Rae8 23. Rxh7+ Rxh7 24. Qxh7+ Kf8 25. Qh4 Qg7 26. g4
f6 27. Rh2 Ke7 28. Rf2 g5 29. Qg3 Rh8 30. Qf3 Qh6 31. Ka2 Qg6 32. Nd1 Bc8 33.
Ne3 Bd7 34. Nf5+ Bxf5 35. exf5 Qf7 36. Re2+ Kd7 37. Re6 Rh4 38. Kb3 a5 39. Kc4
Rh2 40. Qe4 Rh4 41. b4 axb4 {The rest of the game was not recorded as at least
one player was under five-minutes in sudden-death time control and for the
first time in the tournament, the TD did not video capture the moves in such
circumstances.--Jeffrey Roland.} {#R} 0-1

[Event "Idaho Closed"]
[Site "Twin Falls, ID"]
[Date "2016.02.13"]
[Round "2.9"]
[White "Nyblade, Wesley"]
[Black "Smith, Christine M"]
[Result "0-1"]
[WhiteElo "1474"]
[BlackElo "1656"]
[EventRounds "6"]
[EventCountry "USA"]

1. Nf3 Nc6 2. e4 e5 3. Bc4 Bc5 4. d3 h6 5. Be3 Bb6 6. Bxb6 axb6 7. c3 Nf6 8.
Nbd2 O-O 9. O-O d6 10. h3 Na5 11. Bb3 Nxb3 12. Qxb3 Be6 13. c4 Nh5 14. d4 Nf4
15. Kh2 Qf6 16. dxe5 dxe5 17. Qe3 Rfd8 18. Ne1 Qg6 19. Rg1 Rd6 20. b3 Rad8 21.
Ndf3 Qh5 22. h4 f6 23. g3 Qg4 24. Kh1 Rd3 25. Nh2 Qh3 26. Nxd3 Rxd3 27. Qe1
Bg4 28. Qd1 Rxd1 {#R} 0-1

[Event "Idaho Closed"]
[Site "Twin Falls, ID"]
[Date "2016.02.14"]
[Round "3.4"]
[White "Smith, Christine M"]
[Black "Landon, Lloyd"]
[Result "0-1"]
[WhiteElo "1656"]
[BlackElo "1842"]
[EventRounds "6"]
[EventCountry "USA"]

1. e4 c5 2. Nf3 d6 3. Nc3 Nf6 4. Bc4 Bg4 5. h3 Bh5 6. g4 Bg6 7. d3 e6 8. Bf4
h6 9. Qd2 Nc6 10. e5 Ng8 11. Nb5 d5 12. Bb3 a6 13. Nc3 Be7 14. a3 Qd7 15. Na4
Qc7 16. O-O-O d4 17. Rhf1 b5 18. Nc3 dxc3 19. Qxc3 Qa5 20. Qd2 Qxd2+ 21. Rxd2
Nd4 22. Nxd4 cxd4 23. Bg3 h5 24. f4 hxg4 25. hxg4 Nh6 26. f5 exf5 27. gxf5
Nxf5 28. Bf4 Ne3 29. Rf3 Rh1+ 30. Rf1 Rxf1+ 31. Rd1 Rxd1# 0-1

[Event "Idaho Closed"]
[Site "Twin Falls, ID"]
[Date "2016.02.14"]
[Round "4.11"]
[White "Nyblade III, Wesley"]
[Black "Smith, Christine M"]
[Result "0-1"]
[WhiteElo "1217"]
[BlackElo "1656"]
[EventRounds "6"]
[EventCountry "USA"]

1. d3 e5 2. Nd2 d5 3. g3 Nf6 4. Bg2 Bc5 5. Ngf3 Nc6 6. O-O O-O 7. b3 Re8 8.
Bb2 Bf5 9. c4 e4 10. dxe4 dxe4 11. Nh4 Bd4 12. Bxd4 Nxd4 13. e3 Bg4 14. f3
exf3 15. Nhxf3 Rxe3 16. h3 Bh5 17. g4 Nxg4 18. hxg4 Bxg4 19. Rf2 Qd6 20. Qf1
Rae8 21. Re1 Qe7 22. Rxe3 Qxe3 23. Nxd4 Qxd4 24. Bxb7 Re3 25. Bd5 Rg3+ 26. Kh1
Rh3+ 27. Kg2 Qe3 28. Ne4 h5 29. Bxf7+ Kh7 30. Rf4 Rh4 31. Ng5+ Kh8 32. Be6
Qd2+ 33. Rf2 Qxg5 34. Rf8+ Kh7 35. Bxg4 Qxg4+ 36. Kf2 Qd4+ 37. Kf3 Qe4+ 38.
Kg3 Rg4+ 39. Kh3 Qe3+ 40. Rf3 Qg5 41. Qd3+ Kh6 42. Rg3 Rxg3+ 43. Qxg3 Qxg3+
44. Kxg3 Kg5 45. a4 h4+ 46. Kh3 Kf4 47. b4 g5 48. c5 Ke4 49. a5 Kd5 50. Kg4
Kc6 51. Kf3 Kb5 52. c6 Kxb4 53. a6 Kc5 54. Kg4 Kxc6 55. Kh3 Kd5 56. Kg4 c5 57.
Kh3 c4 58. Kg4 c3 59. Kh3 c2 60. Kg4 c1=Q 61. Kh5 Qf4 62. Kg6 Ke5 63. Kh5 h3
64. Kg6 g4 65. Kh5 g3 66. Kg6 Qf5+ 67. Kg7 Qe6 68. Kf8 Qd7 69. Kg8 Kf6 70. Kh8
Qg7# 0-1

[Event "Idaho Closed"]
[Site "Twin Falls, ID"]
[Date "2016.02.15"]
[Round "5.5"]
[White "Smith, Christine M"]
[Black "Ong, Chong-Jin"]
[Result "0-1"]
[WhiteElo "1656"]
[BlackElo "1757"]
[EventRounds "6"]
[EventCountry "USA"]

1. e4 c6 2. d4 d5 3. Nc3 dxe4 4. Nxe4 Bf5 5. Ng3 Bg6 6. Nf3 Nd7 7. Be2 e6 8.
O-O Ngf6 9. Nh4 Bd6 10. Nxg6 hxg6 11. Bf3 Nb6 12. b3 Nfd7 13. Bg4 Qh4 14. Bh3
Nf6 15. c4 Bc7 16. Bb2 Nbd7 17. d5 cxd5 18. cxd5 Nxd5 19. Bxg7 Rh7 20. Bb2 Nf4
21. Qf3 Nxh3+ 22. gxh3 Qxh3 23. Qg2 Qxg2+ 24. Kxg2 Be5 25. Bxe5 Nxe5 26. Ne4
Ke7 27. Rac1 Rd8 28. Rc7+ Rd7 29. Rfc1 Rh8 30. Rxd7+ Kxd7 31. Nc5+ Kc6 32.
Nxe6+ Kb6 33. Nc7 Rd8 34. a4 a6 35. b4 Nc6 36. b5 Kxc7 37. bxc6 bxc6 38. Rc4
Rd5 39. h4 c5 40. Kg3 Kc6 41. Kf3 Rd4 42. Rxd4 cxd4 43. Ke4 Kc5 44. Kd3 a5 45.
f4 f5 46. Kd2 Kc4 47. Kc2 d3+ 48. Kd1 Kd4 49. Kd2 Ke4 50. Kd1 Kxf4 51. Kd2 Ke4
52. Kd1 Ke3 53. Ke1 f4 54. Kf1 d2 55. h5 d1=Q+ 56. Kg2 Qxh5 57. Kf1 Qh2 58.
Ke1 Qe2# 0-1

[Event "Idaho Closed"]
[Site "Twin Falls, ID"]
[Date "2016.02.15"]
[Round "6.8"]
[White "Nathan, Jacob Ari"]
[Black "Smith, Christine M"]
[Result "1-0"]
[WhiteElo "1548"]
[BlackElo "1656"]
[EventRounds "6"]
[EventCountry "USA"]

1. e4 e5 2. Nf3 Nc6 3. d4 exd4 4. Bc4 Be7 5. c3 d6 6. cxd4 Nf6 7. Nc3 O-O 8.
O-O Bg4 9. Be3 a6 10. a3 Re8 11. Qb3 Kh8 12. Ng5 Bh5 13. Bxf7 h6 14. Bxh5 hxg5
15. Bxe8 Qxe8 16. Nd5 Qc8 17. Nxe7 Nxe7 18. Bxg5 Kh7 19. Bxf6 gxf6 20. Qf7+
Kh8 21. Qxf6+ Kg8 22. Qxe7 Qg4 23. f4 Rf8 24. Rf3 Rf7 25. Qd8+ Rf8 26. Qxc7
Rf7 27. Qb8+ Rf8 28. Qxb7 Rf7 29. Qb8+ Rf8 30. Qb3+ Kh7 31. Rh3+ Qxh3 32.
Qxh3+ Kg7 33. Qg4+ Kf7 34. Qf5+ Ke7 35. Qxf8+ Kxf8 36. Rf1 Ke7 37. Rf3 Kd7 38.
h4 a5 39. h5 Ke7 40. h6 Kf7 41. Rg3 a4 42. h7 d5 43. h8=Q dxe4 44. Qh6 e3 45.
Rg7+ Kf8 46. Qh8# 1-0

[Event "Idaho Open"]
[Site "Boise, ID"]
[Date "2016.06.18"]
[Round "1.7"]
[White "Buus, Jarod N"]
[Black "Smit, Paul Albert"]
[Result "1-0"]
[WhiteElo "1741"]
[BlackElo "1298"]
[EventRounds "5"]
[EventCountry "USA"]

1. e4 d5 2. exd5 Qxd5 3. c4 Qa5 4. Nc3 c6 5. d4 Nf6 6. Bd2 Qc7 7. Bd3 h6 8. h3
e6 9. Nf3 Bd6 10. Qc2 Nbd7 11. O-O-O b6 12. g4 Bf4 13. Rhe1 Bxd2+ 14. Qxd2 O-O
15. g5 hxg5 16. Qxg5 g6 17. Rg1 Nh7 18. Qg2 Qf4+ 19. Kb1 Kh8 20. Rde1 Qh6 21.
Re4 Qg7 22. Rh4 Kg8 23. Ne4 f5 24. Nd6 Rf6 25. Ne8 Qf7 26. Nxf6+ Ndxf6 27. Ne5
Qg7 28. Nxg6 Qd7 29. Ne5+ {#r} 1-0

[Event "Idaho Open"]
[Site "Boise, ID"]
[Date "2016.06.18"]
[Round "3.5"]
[White "Inman, James"]
[Black "Smit, Paul Albert"]
[Result "1-0"]
[WhiteElo "1814"]
[BlackElo "1298"]
[EventRounds "5"]
[EventCountry "USA"]

1. d4 d5 2. c4 c6 3. Nc3 h6 4. e3 Nf6 5. Nf3 Bg4 6. h3 Bxf3 7. Qxf3 e6 8. cxd5
exd5 9. Bd3 Bd6 10. O-O O-O 11. e4 dxe4 12. Nxe4 Nxe4 13. Qxe4 f5 14. Qe6+ Kh8
15. Re1 Qf6 16. Qxf6 Rxf6 17. Re8+ Rf8 18. Rxf8+ Bxf8 19. Bxf5 Na6 20. Bf4 Nc7
21. a3 Nd5 22. Be5 Be7 23. Be4 Nf6 24. Re1 Rd8 25. Bf3 Kg8 26. Kf1 Kf8 27. Re3
Kf7 28. Ke2 Bd6 29. Rb3 Bxe5 30. dxe5 Re8 31. Rxb7+ Kg6 32. Bxc6 Rxe5+ 33. Kd3
a5 34. Rb5 Rxb5 35. Bxb5 Kf7 36. Kd4 Ke6 37. Bc4+ Kd6 38. b4 axb4 39. axb4 Nd7
40. f4 Nf6 41. g4 Nd7 42. h4 Nb6 43. f5 Nd7 44. Be2 Nb6 45. Bf3 Nd7 46. b5 Ne5
47. Be2 Nd7 48. Ke4 Nc5+ 49. Kf4 Nd7 50. g5 Ke7 51. gxh6 gxh6 52. Bd3 Kf6 53.
Ke3 Nb6 54. Kd4 Ke7 55. Kc5 Nd7+ 56. Kd5 Nb8 57. Bc2 Nd7 58. Kc6 Ne5+ 59. Kc7
Nc4 60. b6 Nd6 61. b7 Nxb7 62. Kxb7 Kf6 63. Kc6 Ke5 64. Kd7 Kf6 65. Kd6 Kf7
66. Ke5 Ke7 67. Bb3 Kf8 68. Kf6 Ke8 69. Kg7 Ke7 70. f6+ {#r} 1-0

[Event "Idaho Open"]
[Site "Boise, ID"]
[Date "2016.06.19"]
[Round "4.9"]
[White "Smit, Paul Albert"]
[Black "Nyblade III, Wesley"]
[Result "0-1"]
[WhiteElo "1298"]
[BlackElo "1256"]
[EventRounds "5"]
[EventCountry "USA"]

1. d4 Nf6 2. c4 g6 3. Nc3 Bg7 4. e4 d6 5. h3 O-O 6. Nf3 Nc6 7. Be2 Re8 8. O-O
Nd7 9. d5 Nce5 10. Nxe5 Nxe5 11. Bf4 e6 12. Bxe5 Bxe5 13. f4 Bg7 14. Qc2 exd5
15. cxd5 Qh4 16. Rae1 Bd4+ 17. Kh2 g5 18. Qd3 Bf2 19. Rd1 gxf4 20. Rxf2 Qxf2
21. Qf3 Qxf3 22. Bxf3 a6 23. Rg1 Kf8 24. Ne2 f5 25. Nxf4 fxe4 26. Bh5 Re7 27.
Re1 Bf5 28. Re3 c6 29. Bd1 cxd5 30. Nxd5 Re5 31. Bb3 Rc8 32. Nf4 Ke7 33. g4
Bg6 34. h4 Bf7 35. Bxf7 Kxf7 36. Kg3 Rg8 37. Ne2 d5 38. Kf4 Ke6 39. Nd4+ Kd6
40. Nf5+ Ke6 41. h5 Rf8 42. Kg3 Rexf5 43. gxf5+ Rxf5 44. Kg4 Ke5 45. Rc3 h6
46. Rc7 b5 47. Rg7 e3 48. Re7+ Kf6 49. Rxe3 Rf2 50. Ra3 Rxb2 51. Rxa6+ Kg7 52.
Kf4 Rb4+ 53. Ke3 Ra4 54. Rxa4 bxa4 55. Kd4 Kf6 56. Kxd5 Kg5 57. Kc4 Kxh5 58.
Kb4 Kg4 59. Kxa4 h5 60. Kb5 h4 61. a4 h3 62. a5 h2 63. a6 h1=Q 64. Kb6 Qa8 65.
a7 Kf5 66. Ka6 Ke6 67. Kb6 Kd7 68. Ka6 Kc7 {#R} 0-1